000
00298nam a22001337a 4500
020
_a
978-93-84438-44-9
082
_a
920
_b
FRA/D
100
_a
ANNE, FRANK
245
_a
THE DIARY OF A YOUNG GIRL
260
_a
NEW DELHI
_b
LITTLE SCHOLARZ
300
_a
272
650
_a
DIARY
_z
NEW DLHI
942
_c
BK
999
_c
5179
_d
5179